| 000 | nam a22 a 4500 | ||
|---|---|---|---|
| 999 |
_c3360 _d3360 |
||
| 005 | 20170522122123.0 | ||
| 008 | 170522b2012 M ||||| |||| 00| 0 eng d | ||
| 020 | _a9781875889501 | ||
| 040 | _aAKMAL | ||
| 082 | _a958.4052 DIC | ||
| 090 |
_a958.4052 _bDIC |
||
| 245 |
_aMAKING NEGOTIATION HAPPEN _cLAURIE DICKER |
||
| 260 |
_aMALAYSIA _bSYNERGY MEDIA _c2012 |
||
| 300 |
_a126pg _c20 cm |
||
| 942 |
_2ddc _cBOOK |
||